The genera and species of orchidaceous plants /

Bibliographic Details
Main Author: Lindley, John, 1799-1865
Format: Book
Language:English
Published: Amsterdam : A. Asher, 1963.
Subjects:

MARC

Tag First Indicator Second Indicator Subfields
LEADER 00000cam a2200000 i 4500
001 in00000046495
005 20151007073230.0
008 750924r19631830ne 00110 eng
010 |a  75325101  
035 |a (OCoLC)02914611 
035 |9 AAE9367AM 
040 |a DLC  |c DLC  |d TXA  |d UtOrBLW 
049 |a TXAM  |c [405055] 
050 0 0 |a QK495.O64  |b L63 1963 
082 0 |a 584/.15 
092 |a 584.15  |b L746g, 1963 
100 1 |a Lindley, John,  |d 1799-1865. 
245 1 4 |a The genera and species of orchidaceous plants /  |c By John Lindley ... London, Ridgways, 1830-40. 
264 1 |a Amsterdam :  |b A. Asher,  |c 1963. 
300 |a xvii, 553 pages ;  |c 23 cm. 
336 |a text  |b txt  |2 rdacontent 
337 |a unmediated  |b n  |2 rdamedia 
338 |a volume  |b nc  |2 rdacarrier 
500 |a "Orchidaceae. The following are the principal writings upon this order since the revival of natural history by Linnaeus": p. [xi]-xii. 
650 0 |a Orchids. 
999 |a MARS 
999 f f |s 6663fbbf-ae7e-3d30-96e9-adeffdcf362e  |i 7799afc6-0b21-30ed-9517-9a2f25b59855  |t 0 
952 f f |p ric  |a Texas A&M University  |b Rellis Campus  |c Joint Library Facility  |d Remote Storage  |t 0  |e QK495.O64 L63 1963  |h Library of Congress classification  |i unmediated -- volume  |m A14800996575 
998 f f |a QK495.O64 L63 1963  |t 0  |l Remote Storage